000 00690cam a2200205 4500
001 WB3618-21
008 000000n2000 000 0 eng u
035 _a(Sirsi) u105822
245 _aCinema's flickering fortunes
260 _c2000
490 _aFinancial Times
_v5 May 2000, 35(2)
520 _aA King Sturge report, "Screen wars", suggests that the cinema sector could face troubled times in the short to medium term, as there is an overcapacity in relation to demand from consumers. Statistics.
590 _aWB
650 _aCINEMAS
650 _aLEISURE MARKET
650 _aMULTIPLEX CINEMAS
650 _aKING STURGE
690 _aLEISURE AND RECREATION
942 _n0
999 _c63367
_d63367